000 00628nam a2200241Ia 4500
003 OSt
005 20221005085429.0
006 a|||||r|||| 00| 0
007 ta
008 221004b |||||||| |||| 00| 0 eng d
024 _a40753
037 _cTextual
040 _aCRL
_cCRL
_beng
041 _2eng
_aeng
082 _aO-xk, N0
100 _aHendrickson Robert
_98151
245 0 _aBritish literary anecdotes
260 _aNew York
_bFacts on Files
_c1990
300 _aviii, 328p
_ccm.
650 _aENGLISH LITERATURE
942 _hO-xk, N0
_cTEXL
_2cc
999 _c994216
_d994216